[Event "Buenos Aires ProAm op 26th"]
[Site "Buenos Aires"]
[Date "2019.10.11"]
[Round "6"]
[White "Guerrero, Mario"]
[Black "Hoeschele, Hermann"]
[Result "1-0"]
[WhiteElo "2132"]
[BlackElo "1662"]
[PlyCount "67"]
[EventDate "2019.10.06"]
[EventType "team-swiss"]
[EventRounds "8"]
[EventCountry "ARG"]
[SourceTitle "CBM 192 Extra"]
[Source "Chessbase"]
[SourceDate "2019.11.06"]
[SourceVersion "1"]
[SourceVersionDate "2019.11.06"]
[SourceQuality "1"]

1. e4 c5 2. Nf3 a6 3. d4 cxd4 4. Nxd4 Nf6 5. Nc3 d6 6. Be3 g6 7. Be2 Bg7 8. 0-0 0-0 9. Qd2 Nc6 10. Nxc6 bxc6 11. Bh6 Bxh6 12. Qxh6 Qb6 13. Rab1 Bg4 14. Bd3 Be6 15. b3 a5 16. Kh1 Qc5 17. Ne2 Ng4 18. Qh4 g5 19. Qg3 f5 20. f4 h6 21. fxg5 fxe4 22. Nf4 Bf5 23. Bxe4 h5 24. Bxf5 Qxf5 25. h3 Ne5 26. Rf2 Ng6 27. Rbf1 Qe5 28. Nxh5 Rxf2 29. Rxf2 Qa1+ 30. Kh2 Qxa2 31. Qd3 Ne5 32. Qf5 a4 33. Qe6+ Kh8 34. Qh6+ 1-0

[Event "Buenos Aires ProAm op 26th"]
[Site "Buenos Aires"]
[Date "2019.10.09"]
[Round "4"]
[White "Amedei, Hugo"]
[Black "Hoeschele, Hermann"]
[Result "1-0"]
[WhiteElo "1562"]
[BlackElo "1662"]
[PlyCount "65"]
[EventDate "2019.10.06"]
[EventType "team-swiss"]
[EventRounds "8"]
[EventCountry "ARG"]
[SourceTitle "CBM 192 Extra"]
[Source "Chessbase"]
[SourceDate "2019.11.06"]
[SourceVersion "1"]
[SourceVersionDate "2019.11.06"]
[SourceQuality "1"]

1. d4 Nf6 2. Nf3 g6 3. c4 Bg7 4. Nc3 0-0 5. g3 d6 6. Bg2 Nbd7 7. 0-0 e5 8. dxe5 dxe5 9. Nd2 c6 10. Rb1 a5 11. b3 Qe7 12. Nde4 Ne8 13. Qc2 h6 14. c5 f5 15. Nd2 Nef6 16. Na4 Nd5 17. e4 fxe4 18. Nxe4 N7f6 19. Nd6 Nb4 20. Qxg6 Be6 21. Bxh6 Bd5 22. Nf5 Qf7 23. Qxg7+ Qxg7 24. Bxg7 Rf7 25. Bxf6 Rxf6 26. Ne7+ Kf7 27. Nxd5 Nxd5 28. Nb6 Nxb6 29. cxb6 Rd8 30. Rbd1 Rfd6 31. Bf3 Rd2 32. Rxd2 Rxd2 33. Rd1 1-0

[Event "Buenos Aires Szmetan Giardelli op"]
[Site "Buenos Aires"]
[Date "2018.12.10"]
[Round "7"]
[White "Hoeschele, Hermann"]
[Black "Koch, Juan Enrique"]
[Result "0-1"]
[WhiteElo "1735"]
[BlackElo "1983"]
[PlyCount "71"]
[EventDate "2018.12.04"]
[EventType "swiss"]
[EventRounds "9"]
[EventCountry "ARG"]
[SourceTitle "CBM 187 Extra"]
[Source "ChessBase"]
[SourceDate "2018.11.04"]
[SourceVersion "1"]
[SourceVersionDate "2018.11.04"]
[SourceQuality "1"]

1. d4 d5 2. Nf3 Nf6 3. c4 e6 4. Nc3 Nbd7 5. Bg5 Be7 6. e3 h6 7. Bxf6 Nxf6 8. cxd5 exd5 9. Bd3 0-0 10. Qc2 Be6 11. Ne5 Ng4 12. 0-0 c6 13. Qe2 Nxe5 14. dxe5 Qc7 15. f4 f5 16. Qh5 Qc8 17. Qh3 Re8 18. Ne2 c5 19. Ng3 Qd7 20. Rad1 d4 21. Bb1 Qc8 22. exd4 cxd4 23. Rc1 Qd7 24. Rfd1 Rac8 25. Ne2 Rxc1 26. Rxc1 Rc8 27. b3 Rxc1+ 28. Nxc1 Qc7 29. Ne2 Qa5 30. Kf1 Qa6 31. Ke1 Bc5 32. Bxf5 Bd5 33. Bb1 Qc6 34. Qd3 Bxg2 35. Qh7+ Kf7 36. Bg6+ 0-1

[Event "Villa Martelli ProAm op 24th"]
[Site "Villa Martelli"]
[Date "2017.10.05"]
[Round "6"]
[White "Zamani, Andres"]
[Black "Hoeschele, Hermann"]
[Result "1-0"]
[WhiteElo "2120"]
[BlackElo "1677"]
[PlyCount "73"]
[EventDate "2017.10.01"]
[EventType "swiss"]
[EventRounds "9"]
[EventCountry "ARG"]
[SourceTitle "CBM 181 Extra"]
[Source "ChessBase"]
[SourceDate "2017.12.12"]
[SourceVersion "1"]
[SourceVersionDate "2017.12.12"]
[SourceQuality "1"]

1. e4 c5 2. Nc3 e6 3. f4 a6 4. Nf3 b5 5. d3 d6 6. g4 Nf6 7. h3 Bb7 8. Bg2 Qc7 9. 0-0 Nc6 10. Ne2 d5 11. e5 Nd7 12. c3 Be7 13. d4 c4 14. f5 b4 15. Bg5 h6 16. Bxe7 Nxe7 17. fxe6 fxe6 18. Nf4 Qb6 19. cxb4 0-0-0 20. Kh2 Rdf8 21. Qd2 h5 22. Nxh5 Nf5 23. Nf4 Nh6 24. Kg1 Rf7 25. Ng5 Nxe5 26. Nxf7 Nexf7 27. Rae1 e5 28. Nxd5 Qd8 29. dxe5 Ng5 30. Re3 Nxh3+ 31. Rxh3 Nxg4 32. Rxh8 Qxh8 33. Ne7+ Kb8 34. Nc6+ Kc8 35. Ne7+ Kb8 36. Qd6+ Ka7 37. Nc6+ 1-0

[Event "Villa Martelli ProAm op 24th"]
[Site "Villa Martelli"]
[Date "2017.10.01"]
[Round "1"]
[White "Hoeschele, Hermann"]
[Black "Mussanti, Diego"]
[Result "0-1"]
[WhiteElo "1677"]
[BlackElo "2288"]
[PlyCount "58"]
[EventDate "2017.10.01"]
[EventType "swiss"]
[EventRounds "9"]
[EventCountry "ARG"]
[SourceTitle "CBM 181 Extra"]
[Source "ChessBase"]
[SourceDate "2017.12.12"]
[SourceVersion "1"]
[SourceVersionDate "2017.12.12"]
[SourceQuality "1"]

1. d4 d5 2. c4 dxc4 3. e3 Nf6 4. Bxc4 e6 5. Nf3 c5 6. 0-0 a6 7. a4 Nc6 8. Qe2 Qc7 9. Nc3 Bd6 10. dxc5 Bxc5 11. e4 Ng4 12. g3 Nge5 13. Nxe5 Nxe5 14. Bf4 g5 15. Bxg5 Nxc4 16. Bf6 Rg8 17. Kg2 Rg6 18. Qxc4 Rxf6 19. e5 Qxe5 20. Ne4 Rf5 21. Rad1 Bd7 22. Nxc5 Qxc5 23. Qg4 0-0-0 24. Kg1 h5 25. Qh4 Qc7 26. Rc1 Bc6 27. Rc2 Qd7 28. h3 Qd5 29. f3 Rxf3 0-1

[Event "ARG-ch sf 92nd"]
[Site "Buenos Aires"]
[Date "2017.07.15"]
[Round "6"]
[White "Hoeschele, Hermann"]
[Black "Koch, Juan Enrique"]
[Result "0-1"]
[WhiteElo "1651"]
[BlackElo "2040"]
[PlyCount "102"]
[EventDate "2017.07.10"]
[EventType "swiss"]
[EventRounds "9"]
[EventCountry "ARG"]
[SourceTitle "EXT 2018"]
[Source "ChessBase"]
[SourceDate "2017.10.13"]
[SourceVersion "1"]
[SourceVersionDate "2017.10.13"]
[SourceQuality "1"]

1. d4 Nf6 2. Nf3 g6 3. c4 c5 4. d5 d6 5. Nc3 Bg7 6. g3 0-0 7. Bg2 Na6 8. 0-0 Nc7 9. h3 a6 10. a4 b6 11. e4 e6 12. Bg5 exd5 13. cxd5 h6 14. Be3 Re8 15. Qc2 Rb8 16. Nd2 b5 17. axb5 axb5 18. Rfe1 Nd7 19. f4 Na6 20. Na2 c4 21. Nf3 Ndc5 22. Nd4 Bd7 23. Qd2 Qc8 24. e5 dxe5 25. fxe5 Nd3 26. e6 fxe6 27. Rf1 Nac5 28. Nc3 e5 29. Nc6 Nb3 30. Qe2 Nd4 31. Bxd4 exd4 32. Ne7+ Rxe7 33. Qxe7 Qe8 34. Qxe8+ Bxe8 35. Ne4 Nxb2 36. Nf6+ Bxf6 37. Rxf6 d3 38. d6 d2 39. Bf3 c3 40. d7 Bxd7 41. Rxg6+ Kf7 42. Rd6 Ke7 43. Rd4 Nc4 44. Ra7 Ne5 45. Bd1 c2 46. Raxd7+ Nxd7 47. Bxc2 Rc8 48. Bd1 Rc1 49. Kf1 Rxd1+ 50. Ke2 Rh1 51. Kxd2 Rxh3 0-1

[Event "ARG-ch sf 92nd"]
[Site "Buenos Aires"]
[Date "2017.07.11"]
[Round "2"]
[White "Hoeschele, Hermann"]
[Black "De Luca, Christian"]
[Result "0-1"]
[WhiteElo "1651"]
[BlackElo "2085"]
[PlyCount "78"]
[EventDate "2017.07.10"]
[EventType "swiss"]
[EventRounds "9"]
[EventCountry "ARG"]
[SourceTitle "EXT 2018"]
[Source "ChessBase"]
[SourceDate "2017.10.13"]
[SourceVersion "1"]
[SourceVersionDate "2017.10.13"]
[SourceQuality "1"]

1. d4 Nf6 2. Nf3 g6 3. c4 c6 4. g3 Bg7 5. Bg2 0-0 6. Nc3 d5 7. 0-0 a6 8. b3 Ne4 9. Bb2 Nxc3 10. Bxc3 b5 11. Rc1 Nd7 12. Re1 Bb7 13. Nd2 Qb6 14. c5 Qc7 15. e4 dxe4 16. Nxe4 a5 17. a3 Rfd8 18. Qe2 Nf8 19. Ng5 Bf6 20. Nf3 Bc8 21. Ne5 Bb7 22. Qe4 Ra6 23. f4 Qc8 24. g4 Qe6 25. Qc2 Bxe5 26. Rxe5 Qxg4 27. Rxe7 Bc8 28. Qe4 Be6 29. Rxe6 Nxe6 30. Rf1 b4 31. Ba1 a4 32. h3 Qf5 33. Qe3 axb3 34. Be4 Qh5 35. f5 Qg5+ 36. Qxg5 Nxg5 37. Bd3 Rxa3 38. fxg6 hxg6 39. h4 Nf3+ 0-1

[Event "Santa Teresita op 2nd"]
[Site "Santa Teresita"]
[Date "2017.06.30"]
[Round "1"]
[White "Hoeschele, Hermann"]
[Black "Alfaro, Hector Luis"]
[Result "1/2-1/2"]
[WhiteElo "1666"]
[BlackElo "2043"]
[PlyCount "83"]
[EventDate "2017.06.30"]
[EventType "swiss"]
[EventRounds "6"]
[EventCountry "ARG"]
[SourceTitle "EXT 2018"]
[Source "ChessBase"]
[SourceDate "2017.10.13"]
[SourceVersion "1"]
[SourceVersionDate "2017.10.13"]
[SourceQuality "1"]

1. d4 d5 2. c4 c6 3. Nc3 Nf6 4. Nf3 Bf5 5. Nh4 Bd7 6. Nf3 g6 7. e3 Bg7 8. Ne5 0-0 9. Bd3 Qc8 10. Qc2 Na6 11. a3 Nc7 12. 0-0 Ng4 13. Nxg4 Bxg4 14. f3 Bd7 15. Ne2 e5 16. Bd2 Ne6 17. dxe5 Bxe5 18. Bc3 Bxc3 19. Qxc3 dxc4 20. Bxc4 Ng7 21. Ng3 Qc7 22. Kh1 Rae8 23. Rad1 Re7 24. Ne4 Be6 25. Nf6+ Kh8 26. Rd4 Bxc4 27. Rxc4 Rd8 28. Rh4 h5 29. f4 Qd6 30. g4 Qd3 31. Qxd3 Rxd3 32. gxh5 Nf5 33. Rh3 Rexe3 34. Rxe3 Rxe3 35. hxg6 fxg6 36. Rd1 Nh4 37. Kg1 Re2 38. Rd7 Nf3+ 39. Kf1 Rxh2 40. Rxb7 a5 41. b4 axb4 42. axb4 1/2-1/2

[Event "Villa Martelli ProAm op 23rd"]
[Site "Villa Martelli"]
[Date "2016.11.25"]
[Round "7"]
[White "Torres, Mauro"]
[Black "Hoeschele, Hermann"]
[Result "0-1"]
[WhiteElo "1536"]
[BlackElo "1720"]
[PlyCount "104"]
[EventDate "2016.11.20"]
[EventType "swiss"]
[EventRounds "9"]
[EventCountry "ARG"]
[SourceTitle "CBM 175 Extra"]
[Source "ChessBase"]
[SourceDate "2016.12.12"]
[SourceVersion "1"]
[SourceVersionDate "2016.12.12"]
[SourceQuality "1"]

1. e4 c5 2. Nf3 e6 3. c3 d5 4. Be2 dxe4 5. Qa4+ Bd7 6. Qxe4 Nc6 7. 0-0 Nf6 8. Qc2 Bd6 9. d4 cxd4 10. cxd4 Rc8 11. Nc3 h6 12. h3 0-0 13. Be3 Nb4 14. Qd2 Re8 15. Bxh6 gxh6 16. Qxh6 Bf8 17. Qh4 Nh7 18. Qg3+ Bg7 19. h4 Qf6 20. Ne4 Qg6 21. Qxg6 fxg6 22. Nd6 Rc2 23. a3 Rf8 24. axb4 Rxe2 25. Rxa7 Bc6 26. b5 Bd5 27. Rc1 Rxb2 28. Rc7 Rb1+ 29. Kh2 Bxf3 30. gxf3 Bxd4 31. Raxb7 Be5+ 32. Kg2 Rb3 33. Rxh7 Rbxf3 34. Nf7 R3xf7 35. Rbxf7 Rxf7 36. Rxf7 Kxf7 37. b6 Kf6 38. b7 Kf5 39. Kf3 Bb8 40. Kg2 Kg4 41. f3+ Kxh4 42. Kf2 Kg5 43. Ke3 Kf5 44. Ke2 Kf4 45. Kf2 e5 46. Ke2 g5 47. Kf2 g4 48. fxg4 Kxg4 49. Ke3 Kf5 50. Kf3 Ke6 51. Ke4 Kd6 52. Kd3 Kc6 0-1

[Event "Villa Martelli ProAm op 23rd"]
[Site "Villa Martelli"]
[Date "2016.11.20"]
[Round "2"]
[White "Hoeschele, Hermann"]
[Black "Kalaycioglu, Misak"]
[Result "1-0"]
[WhiteElo "1720"]
[BlackElo "1449"]
[PlyCount "63"]
[EventDate "2016.11.20"]
[EventType "swiss"]
[EventRounds "9"]
[EventCountry "ARG"]
[SourceTitle "CBM 175 Extra"]
[Source "ChessBase"]
[SourceDate "2016.12.12"]
[SourceVersion "1"]
[SourceVersionDate "2016.12.12"]
[SourceQuality "1"]

1. Nf3 d5 2. d4 e6 3. g3 Nf6 4. Bg2 Be7 5. 0-0 Nc6 6. b3 Ne4 7. c4 Ng5 8. Bb2 Nxf3+ 9. Bxf3 f5 10. Nc3 h5 11. cxd5 exd5 12. Nxd5 Bg5 13. e4 Be6 14. Bxh5+ Kd7 15. Bf3 Qg8 16. Re1 Qh7 17. h4 Bxh4 18. gxh4 Qg6+ 19. Kf1 Rxh4 20. Nxc7 Rah8 21. Nxe6 fxe4 22. Nc5+ Kc7 23. Rxe4 Rh1+ 24. Bxh1 Rxh1+ 25. Ke2 Rxd1 26. Rxd1 b6 27. Ne6+ Kb7 28. Re3 Qg4+ 29. Kd2 Qf5 30. f4 Qa5+ 31. Kc1 Qxa2 32. Nxg7 1-0

[Event "Villa Martelli op-B 21st"]
[Site "Villa Martelli"]
[Date "2014.11.07"]
[Round "1"]
[White "Perez, Mario Abel"]
[Black "Hoeschele, Hermann"]
[Result "1-0"]
[WhiteElo "2084"]
[BlackElo "1792"]
[PlyCount "97"]
[EventDate "2014.11.07"]
[EventType "swiss"]
[EventRounds "9"]
[EventCountry "ARG"]
[SourceTitle "CBM 163 Extra"]
[Source "ChessBase"]
[SourceDate "2014.12.23"]
[SourceVersion "1"]
[SourceVersionDate "2014.12.23"]
[SourceQuality "1"]

1. d4 d5 2. Nf3 Nf6 3. Bg5 Nbd7 4. Nbd2 e6 5. e3 Be7 6. Bd3 c5 7. c3 c4 8. Bc2 b5 9. Qe2 a5 10. Rb1 0-0 11. h4 h5 12. Nh2 e5 13. Bxf6 Bxf6 14. Qxh5 g6 15. Qf3 e4 16. Nxe4 dxe4 17. Bxe4 Ra6 18. h5 Bg7 19. hxg6 Nf6 20. gxf7+ Rxf7 21. Bg6 Rf8 22. Nf1 Bg4 23. Qf4 Qd7 24. f3 Be6 25. g4 Bf7 26. Bf5 Be6 27. Ng3 Bxf5 28. Nxf5 Re6 29. Kd2 Nd5 30. Qg5 Rxf5 31. gxf5 Rxe3 32. Rbe1 Rxf3 33. Rhg1 Rxf5 34. Re8+ Rf8 35. Rxf8+ Kxf8 36. Rf1+ Kg8 37. Rf5 Nc7 38. Re5 Ne6 39. Qg4 Kf7 40. Qf5+ Ke7 41. Rxb5 Bxd4 42. cxd4 Qxd4+ 43. Kc2 Qe3 44. Re5 Qb6 45. Qh7+ Kd8 46. Qg8+ Kc7 47. Qxe6 Qf2+ 48. Re2 Qd4 49. Rd2 1-0

[Event "Buenos Aires Duchamp Boca op 3rd"]
[Site "Buenos Aires"]
[Date "2013.06.28"]
[Round "8"]
[White "Hoeschele, Hermann"]
[Black "Bourgeois, William"]
[Result "1-0"]
[WhiteElo "1757"]
[BlackElo "1926"]
[PlyCount "71"]
[EventDate "2013.06.20"]
[EventType "swiss"]
[EventRounds "9"]
[EventCountry "ARG"]
[SourceTitle "CBM 155 Extra"]
[Source "ChessBase"]
[SourceDate "2013.08.26"]
[SourceVersion "1"]
[SourceVersionDate "2013.08.26"]
[SourceQuality "1"]

1. d4 Nf6 2. Nf3 d5 3. c4 dxc4 4. Qa4+ Nc6 5. Qxc4 Bf5 6. g3 Be4 7. Bg2 Nxd4 8. 0-0 Nxf3+ 9. exf3 Bd3 10. Qa4+ Qd7 11. Qxd7+ Nxd7 12. Rd1 Ba6 13. Nc3 0-0-0 14. b4 b6 15. a4 Bb7 16. a5 e6 17. Ba3 Be7 18. Rdc1 Nf6 19. Nb5 Kb8 20. Rxc7 Nd5 21. axb6 axb6 22. Rc2 Rc8 23. Rd2 Rc4 24. Bf1 Bxb4 25. Bxc4 Bxd2 26. Bd6+ Kc8 27. Ra7 Nc3 28. Nd4 Rd8 29. Be5 Bh6 30. Kg2 Rd7 31. Ra3 Nd5 32. Nb5 Bc6 33. Na7+ Kb7 34. Nxc6 Kxc6 35. Rb3 Bd2 36. Bb5+ 1-0

[Event "Buenos Aires Duchamp Boca op 3rd"]
[Site "Buenos Aires"]
[Date "2013.06.27"]
[Round "7"]
[White "Farias, Guillermo"]
[Black "Hoeschele, Hermann"]
[Result "1-0"]
[WhiteElo "2010"]
[BlackElo "1757"]
[PlyCount "59"]
[EventDate "2013.06.20"]
[EventType "swiss"]
[EventRounds "9"]
[EventCountry "ARG"]
[SourceTitle "CBM 155 Extra"]
[Source "ChessBase"]
[SourceDate "2013.08.26"]
[SourceVersion "1"]
[SourceVersionDate "2013.08.26"]
[SourceQuality "1"]

1. e4 c5 2. Nf3 e6 3. d3 d5 4. Nbd2 Nf6 5. g3 Nc6 6. Bg2 Be7 7. 0-0 0-0 8. Re1 Re8 9. h4 b5 10. e5 Nd7 11. Nf1 a5 12. N1h2 Ba6 13. Bf4 c4 14. Ng5 g6 15. Qg4 h5 16. Qh3 Bf8 17. g4 Bg7 18. Qg3 Qe7 19. gxh5 gxh5 20. Bf3 Nf8 21. Bxh5 Ng6 22. Ng4 Nd4 23. Nxf7 Nf5 24. Ngh6+ Nxh6 25. Nxh6+ Kh8 26. Bxg6 Rf8 27. Bg5 Qc5 28. Ng4 Rg8 29. Nf6 cxd3 30. Qg4 1-0

[Event "Buenos Aires Duchamp Memorial op 5th"]
[Site "Buenos Aires"]
[Date "2013.03.24"]
[Round "2"]
[White "Hoeschele, Hermann"]
[Black "Benedetti, Julio"]
[Result "0-1"]
[WhiteElo "1761"]
[BlackElo "2173"]
[PlyCount "76"]
[EventDate "2013.03.23"]
[EventType "swiss"]
[EventRounds "8"]
[EventCountry "ARG"]
[SourceTitle "CBM 153 Extra"]
[Source "ChessBase"]
[SourceDate "2013.04.22"]
[SourceVersion "1"]
[SourceVersionDate "2013.04.22"]
[SourceQuality "1"]

1. d4 Nf6 2. c4 e5 3. dxe5 Ng4 4. Bf4 Bb4+ 5. Nc3 Nc6 6. Nf3 Qe7 7. Qd5 f6 8. e6 g5 9. Bd2 dxe6 10. Qe4 Nge5 11. Nxe5 Nxe5 12. e3 a5 13. f4 Nf7 14. a3 f5 15. Qc2 Bc5 16. 0-0-0 Bd7 17. e4 Nd6 18. Bd3 fxe4 19. Nxe4 Nxe4 20. Bxe4 gxf4 21. Bxf4 e5 22. Bg3 Bd4 23. Rhe1 Qg5+ 24. Kb1 0-0-0 25. Qb3 b6 26. Ka1 h5 27. c5 Rh6 28. Rc1 Kb8 29. c6 Be6 30. Qb5 h4 31. Bxe5 Qxe5 32. Qxe5 Bxe5 33. Bf5 Bxb2+ 34. Kxb2 Bxf5 35. Re7 Rd2+ 36. Kb3 Rdd6 37. Ree1 Rxc6 38. Re8+ Kb7 0-1

[Event "Buenos Aires Bolivar op 4th"]
[Site "Buenos Aires"]
[Date "2011.06.17"]
[Round "5"]
[White "Zapata, Miguel Angel"]
[Black "Hoeschele, Hermann"]
[Result "1/2-1/2"]
[WhiteElo "1630"]
[BlackElo "1760"]
[PlyCount "44"]
[EventDate "2011.06.13"]
[EventType "swiss"]
[EventRounds "9"]
[EventCountry "ARG"]
[SourceTitle "EXT 2014"]
[Source "ChessBase"]
[SourceDate "2013.11.20"]
[SourceVersion "1"]
[SourceVersionDate "2013.11.20"]
[SourceQuality "1"]

1. e4 c5 2. Nf3 e6 3. d4 cxd4 4. Nxd4 a6 5. Be3 b5 6. Be2 Bb7 7. f3 d6 8. 0-0 Nf6 9. Qd2 Nbd7 10. Nb3 Ne5 11. Na5 Qc7 12. Nxb7 Qxb7 13. Qe1 Nc4 14. Bd4 e5 15. Bxc4 bxc4 16. Bc3 Be7 17. Qe2 Rc8 18. Nd2 Qc6 19. Rfd1 0-0 20. Nf1 Nh5 21. Ne3 Nf4 22. Qd2 Rfd8 1/2-1/2

[Event "Villa Martelli Pro Am op 17th"]
[Site "Villa Martelli"]
[Date "2010.10.11"]
[Round "1"]
[White "Hoeschele, Hermann"]
[Black "Mayorga, Nicolas"]
[Result "0-1"]
[WhiteElo "1769"]
[BlackElo "2247"]
[PlyCount "94"]
[EventDate "2010.10.10"]
[EventType "swiss"]
[EventRounds "9"]
[EventCountry "ARG"]
[SourceTitle "CBM 138 Extra"]
[Source "ChessBase"]
[SourceDate "2010.10.29"]
[SourceVersion "1"]
[SourceVersionDate "2010.10.29"]
[SourceQuality "1"]

1. e4 c5 2. Nf3 d6 3. d4 cxd4 4. Nxd4 Nf6 5. Nc3 a6 6. Be2 e5 7. Nb3 Be6 8. 0-0 Nbd7 9. Be3 Rc8 10. f4 Qc7 11. f5 Bc4 12. Bxc4 Qxc4 13. Qf3 b5 14. Nd2 Qc7 15. Ne2 Nb6 16. c4 bxc4 17. Rac1 d5 18. b3 Ba3 19. Rc2 0-0 20. bxc4 dxc4 21. Rb1 Bc5 22. Kh1 Bxe3 23. Qxe3 Rb8 24. h3 Rfc8 25. g4 Nfd7 26. g5 Qd6 27. Rc3 Na4 28. Rxb8 Qxb8 29. Rxc4 Rxc4 30. Nxc4 Qb1+ 31. Nc1 Nac5 32. Na3 Qxe4+ 33. Qxe4 Nxe4 34. h4 Ng3+ 35. Kh2 Nxf5 36. Kh3 Nd6 37. Nc2 Nc5 38. Kg4 f5+ 39. gxf6 gxf6 40. Nb3 f5+ 41. Kf3 Nxb3 42. axb3 a5 43. Ne3 Kf7 44. Nd5 Ne4 45. b4 a4 46. b5 a3 47. Nb4 Ke7 0-1